000
00271nam a22001217a 4500
008
181207b xxu||||| |||| 00| 0 eng d
041
_a
eng
080
_a
721
100
_a
41
101
_a
NDE
245
_a
Drawings Of Great Building
_c
Bauten.G
942
_2
udc
_c
BK
999
_c
53069
_d
53069